000 00404cam a2200169 4500
001 D12398
008 090401t1960 xxu||||| |||| 00| 0 eng d
035 _a(Sirsi) u3214
041 _aeng
100 _aChrystal-Smith, G.
245 _aStandard method of measurement illustrated
260 _aLondon
_bGeorge Newnes
_c1960
350 _a0
520 _aShelf 152
942 _n0
948 _c04/03/1997
999 _c85861
_d85861